00407 a2200121 4500003000500000005001700005040000900022082000800031245008300039260003200122650010700154651002400261Nust20170207154417.0 cNust a799 aVisit Col Gen Safar Republic of Azerbaijan (Photo Album Vol No. 1, 2001) cMCS aRawalpindibMCSc24-05-2001 aPictures of Visit Col Gen Safar Republic of Azerbaijan in MCS ,(Photo Album Vol No. 1, 2001,CD-NO-6)  a Sweet Memories-MCS